[Event "BCF-ch U14"]
[Site "Llandudno"]
[Date "2017.08.03"]
[Round "5"]
[White "Patel, Devan"]
[Black "Shepherd, Tom"]
[Result "1/2-1/2"]
[WhiteElo "1558"]
[BlackElo "1485"]
[PlyCount "33"]
[EventDate "2017.07.30"]
[EventType "swiss"]
[EventRounds "7"]
[EventCountry "WLS"]
[SourceTitle "CBM 179 Extra"]
[Source "ChessBase"]
[SourceDate "2017.08.23"]
[SourceVersion "1"]
[SourceVersionDate "2017.08.23"]
[SourceQuality "1"]

1. e4 e5 2. Nf3 Nc6 3. Bb5 Nf6 4. 0-0 Nxe4 5. d4 Nd6 6. Bxc6 dxc6 7. dxe5 Nf5 8. Qxd8+ Kxd8 9. h3 Ke8 10. Nc3 h5 11. b3 Be7 12. Bb2 Be6 13. Ne2 Bc5 14. Nf4 Ke7 15. Nxe6 fxe6 16. Rad1 Rhd8 17. Ng5 1/2-1/2

[Event "BCF-ch U14"]
[Site "Llandudno"]
[Date "2017.07.30"]
[Round "1"]
[White "Salmons, Calum"]
[Black "Shepherd, Tom"]
[Result "0-1"]
[WhiteElo "1745"]
[BlackElo "1485"]
[PlyCount "54"]
[EventDate "2017.07.30"]
[EventType "swiss"]
[EventRounds "7"]
[EventCountry "WLS"]
[SourceTitle "CBM 179 Extra"]
[Source "ChessBase"]
[SourceDate "2017.08.23"]
[SourceVersion "1"]
[SourceVersionDate "2017.08.23"]
[SourceQuality "1"]

1. e4 e5 2. Nf3 Nc6 3. Bc4 Bc5 4. c3 Nf6 5. d3 d6 6. a4 a5 7. 0-0 h6 8. Nbd2 0-0 9. h3 Ne7 10. Re1 Ng6 11. Nf1 Be6 12. Bb3 Re8 13. Be3 Bxe3 14. fxe3 d5 15. exd5 Bxd5 16. d4 exd4 17. Bxd5 Qxd5 18. exd4 Rxe1 19. Qxe1 Re8 20. Qg3 c6 21. N1d2 Ne4 22. Nxe4 Rxe4 23. Qb8+ Kh7 24. Qxb7 Re2 25. Re1 Rxg2+ 26. Kxg2 Nh4+ 27. Kg1 Qxf3 0-1

[Event "BCF-ch U13"]
[Site "Bournemouth"]
[Date "2016.08.03"]
[Round "5"]
[White "Shepherd, Tom"]
[Black "Stoyanov, Viktor"]
[Result "1/2-1/2"]
[WhiteElo "1487"]
[BlackElo "1652"]
[PlyCount "67"]
[EventDate "2016.07.31"]
[EventType "swiss"]
[EventRounds "7"]
[EventCountry "ENG"]
[SourceTitle "CBM 173 Extra"]
[Source "ChessBase"]
[SourceDate "2016.08.29"]
[SourceVersion "1"]
[SourceVersionDate "2016.08.29"]
[SourceQuality "1"]

1. e4 c5 2. Nf3 g6 3. c3 Bg7 4. d4 cxd4 5. cxd4 d5 6. e5 Bg4 7. h3 Bxf3 8. Qxf3 Nc6 9. Bb5 e6 10. 0-0 Nge7 11. Bg5 Qb6 12. Qd3 0-0 13. Bxe7 Nxe7 14. Nc3 a6 15. Ba4 Rfc8 16. Qd2 Nf5 17. Ne2 Nxd4 18. Qxd4 Qxd4 19. Nxd4 Rc4 20. Nxe6 fxe6 21. Bb3 Re4 22. Rfe1 Rxe1+ 23. Rxe1 Rf8 24. Bc2 Rc8 25. Bb3 Bh6 26. g3 Rc1 27. Rd1 Kf7 28. Kg2 Ke7 29. f4 Rc7 30. Rd2 Kd7 31. Rc2 Rxc2+ 32. Bxc2 Kc6 33. Kf3 Kc5 34. g4 1/2-1/2

[Event "BCF-ch U13"]
[Site "Bournemouth"]
[Date "2016.07.31"]
[Round "1"]
[White "Verma, Aditya"]
[Black "Shepherd, Tom"]
[Result "1-0"]
[WhiteElo "1908"]
[BlackElo "1487"]
[PlyCount "46"]
[EventDate "2016.07.31"]
[EventType "swiss"]
[EventRounds "7"]
[EventCountry "ENG"]
[SourceTitle "CBM 173 Extra"]
[Source "ChessBase"]
[SourceDate "2016.08.29"]
[SourceVersion "1"]
[SourceVersionDate "2016.08.29"]
[SourceQuality "1"]

1. e4 c5 2. Nf3 Nc6 3. d4 cxd4 4. Nxd4 Nf6 5. Nc3 e5 6. Ndb5 d6 7. Bg5 a6 8. Na3 b5 9. Nd5 Be7 10. Bxf6 Bxf6 11. c4 Rb8 12. cxb5 Nd4 13. b6 Be6 14. Qa4+ Kf8 15. Nc4 Bxd5 16. exd5 Ke7 17. Bd3 Qc8 18. 0-0 Rd8 19. Rac1 Bg5 20. Ne3 Rxb6 21. Rxc8 Rxc8 22. Nc4 Rb5 23. Qxa6 Ke8 1-0